| 000 | 01304cam a22003854i 4500 | ||
|---|---|---|---|
| 003 | PE-LiUPU | ||
| 005 | 20250731173247.0 | ||
| 008 | 150625s1959 xxu r 000 0 spa d | ||
| 035 | _a(Sirsi) a35476 | ||
| 040 |
_aPE-LiUPU _bspa _cPE-LiUPU _erda |
||
| 082 | 0 | 4 |
_a270 _bS29 _221 |
| 100 | 1 |
_aScott Latourette, Kenneth, _eautor. |
|
| 245 | 1 | 0 |
_aHistoria del cristianismo. _n2 / _cKenneth Scott Latourette. |
| 264 | 1 |
_aTexas : _bEl lucero, _c1959. |
|
| 336 |
_atext _2rdacontent |
||
| 337 |
_aunmediated _2rdamedia |
||
| 338 |
_avolume _2rdacarrier |
||
| 505 | 0 | _aLa reforma y la expanción -- Repudio y avivamiento -- Vigor en medio de la tormenta. | |
| 526 | _aSEG42 | ||
| 526 | _aSEG41 | ||
| 526 | _aSEG40 | ||
| 526 | _aSEG39 | ||
| 526 | _aP94 | ||
| 526 | _aP87 | ||
| 526 | _aP86 | ||
| 526 | _aP85 | ||
| 526 | _aP77 | ||
| 526 | _aP76 | ||
| 526 | _aP35 | ||
| 942 |
_2ddc _cBOOK |
||
| 949 |
_a270 S29 2 _wDEWEY _c1 _i37604 _lCCODEBUL1 _mBUL _p00.00 _r0 _sY _tBOOK _u2015-06-25 _xBIBLIOTECA _zUNKNOWN _0COMPRA _o.STAFF. Colección General |
||
| 596 | _a1 | ||
| 999 |
_a270 S29 2 _wDEWEY _c43444 _i37604 _d43444 _e2017-11-19 _f2021-11-12 _g6 _lCCODEBUL1 _mBUL _n7 _p25.00 _q2 _r0 _sY _tBOOK _u2015-6-25 _xTEOLOGIA _PP35 _0COMPRA _o.STAFF. Colección Teología |
||
| 980 |
_81 _gALBERTO SANCHEZ Responsable de Automatización |
||